| 000 | 00866nmm a2200277 a 4500 | ||
|---|---|---|---|
| 001 | ocm0001256983 | ||
| 003 | TR-IsHL | ||
| 005 | 20201028160815.0 | ||
| 008 | 160715s2012 tu tur | ||
| 007 | cr cn | ||
| 020 | _a9786054205400 | ||
| 035 |
_a1256983 _b(N$T) |
||
| 050 | 0 | 4 |
_aTR897.7 _b.G73 2012 |
| 090 | 0 | 4 |
_aTR897.7 _b.G73 2012 |
| 245 | 1 | 0 |
_aGrafik ve animasyon _h[electronic resource] / _cyayın yönetmeni Uğur Gelişken |
| 250 | _a2. basım | ||
| 260 |
_aİstanbul : _bKodlab Yayınevi, _c2012 |
||
| 300 | _a429 p. | ||
| 650 | 4 | _aBilgisayar | |
| 650 | 4 | _aComputer Sciences | |
| 650 | 0 | _aGrafik ve animasyon | |
| 650 | 0 | _aGraphics and animation | |
| 650 | 7 |
_aCOMPUTERS / Computer Graphics _2bisacsh |
|
| 700 | 1 | _aGelişken, Uğur | |
| 856 | 4 | 0 | _uhttp://search.ebscohost.com/login.aspx?direct=true&scope=site&db=e011xww&AN=1256983 |
| 999 |
_c13793 _d13793 |
||